00785nam a2200217Ia 4500008004100000020001800041082002600059100002300085100003100108245007900139260004600218260002000264260000900284300001000293650005200303650002400355650003900379942001000418999001700428952012200445260428s9999 xx 000 0 und d a9789561421592 a332.10688 H411g 2017  aHax, Arnoldo94240 aOlavarría, Lionel935816 0aGestión estratégica en el sector financiero: el modelo delta en el BCI aEdiciones Universidad Católica de Chile bSantiago, Chile c2017 a144p. aBanco de Crédito e Inversiones (Chile)935817 aBancos Chile935686 aComercialización bancaria935818 clibro c20489d20489 00102ddc40708CGaBCbBCd2026-04-06eCompral0o332.10688 H411g 2017 c.1p27378r2026-04-30t1w2026-04-30ylibro